Štipendiá podľa prísnejších kritérií
O ročné študijné pobyty v zahraničí sa tentoraz uchádza výrazne menej stredoškolákov. Vyše tristo slovenských stredoškolákov bolo vyslaných na ročný študijný pobyt v zahraničí v školskom roku 2008/2009. Náročnejšie podmienky pre splnenie kritérií na udelenie vládneho sociálneho štipendia. Podávanie...
Saved in:
| Main Author: | |
|---|---|
| Format: | Book Chapter |
| Language: | Slovak |
| Subjects: | |
| Tags: |
No Tags, Be the first to tag this record!
|
MARC
| LEADER | 00000naa$a2200000$$$4500 | ||
|---|---|---|---|
| 001 | 0093591 | ||
| 005 | 20231016090002.5 | ||
| 041 | 0 | |a slo | |
| 044 | |a SK | ||
| 245 | 1 | 0 | |a Štipendiá podľa prísnejších kritérií |c Emil Semanco |
| 520 | |a O ročné študijné pobyty v zahraničí sa tentoraz uchádza výrazne menej stredoškolákov. Vyše tristo slovenských stredoškolákov bolo vyslaných na ročný študijný pobyt v zahraničí v školskom roku 2008/2009. Náročnejšie podmienky pre splnenie kritérií na udelenie vládneho sociálneho štipendia. Podávanie žiadostí o sociálne štipendiá. Náročné rozhodovanie pri udeľovaní štipendií. | ||
| 610 | 2 | 0 | |a vzdelávanie |
| 610 | 2 | 0 | |a štúdium v zahraničí |
| 610 | 2 | 0 | |a štipendiá |
| 610 | 2 | 0 | |a Slovensko |
| 610 | 2 | 0 | |a 2008-2009 |
| 100 | 1 | |a Semanco, Emil | |